Whatever happened to the Egyptian revolution? / (Record no. 25479)
[ view plain ]
| 000 -LEADER | |
|---|---|
| fixed length control field | 01945cam a2200397 i 4500 |
| 001 - CONTROL NUMBER | |
| control field | 17848231 |
| 003 - CONTROL NUMBER IDENTIFIER | |
| control field | EG-ScBUE |
| 005 - DATE AND TIME OF LATEST TRANSACTION | |
| control field | 20250209091853.0 |
| 008 - FIXED-LENGTH DATA ELEMENTS--GENERAL INFORMATION | |
| fixed length control field | 130812s2013 ua fr f001 0 eng d |
| 020 ## - INTERNATIONAL STANDARD BOOK NUMBER | |
| International Standard Book Number | 9789774165894 |
| 040 ## - CATALOGING SOURCE | |
| Original cataloging agency | DLC |
| Language of cataloging | eng |
| Description conventions | rda |
| Transcribing agency | DLC |
| Modifying agency | EG-ScBUE |
| 041 1# - LANGUAGE CODE | |
| Language code of text/sound track or separate title | eng |
| Language code of original and/or intermediate translations of text | ara |
| 043 ## - GEOGRAPHIC AREA CODE | |
| Geographic area code | f-ua--- |
| 082 04 - DEWEY DECIMAL CLASSIFICATION NUMBER | |
| Edition number | 22 |
| Classification number | 962.05 |
| Item number | AMI |
| 100 1# - MAIN ENTRY--PERSONAL NAME | |
| Personal name | Amin, Galal A., |
| Dates associated with a name | 1935- |
| Relator term | author. |
| 240 10 - UNIFORM TITLE | |
| Uniform title | <a href="ماذا حدث للثورة المصرية ؟.">ماذا حدث للثورة المصرية ؟.</a> |
| Language of a work | English |
| 245 10 - TITLE STATEMENT | |
| Title | Whatever happened to the Egyptian revolution? / |
| Statement of responsibility, etc | Galal Amin ; translated by Jonathan Wright. |
| 264 #1 - PUBLICATION, DISTRIBUTION, ETC. (IMPRINT) | |
| Place of publication, distribution, etc | Cairo ; |
| -- | New York : |
| Name of publisher, distributor, etc | The American University in Cairo Press, |
| Date of publication, distribution, etc | 2013. |
| 300 ## - PHYSICAL DESCRIPTION | |
| Extent | vi, 289 pages ; |
| Dimensions | 24 cm |
| 336 ## - CONTENT TYPE | |
| Source | rdacontent |
| Content type term | text |
| Content type code | txt |
| 337 ## - MEDIA TYPE | |
| Media type term | unmediated |
| Source | rdamedia |
| Media type code | n |
| 338 ## - CARRIER TYPE | |
| Carrier type term | volume |
| Carrier type code | nc |
| Source | rdacarrier |
| 500 ## - GENERAL NOTE | |
| General note | Includes index. |
| 505 0# - FORMATTED CONTENTS NOTE | |
| Formatted contents note | Pt. 1. Causes of the revolution. Worse that unemployment -- Appropriating public property -- Bequeathing the unbequeathable -- Selling the unsellable -- Spurious nationalism -- A police state -- pt. 2. Reasons for hope. Harbingers of revolution -- January 25 -- pt. 3. Reasons for concern. A revolution or a coup? -- The mysteries of the Egyptian revolution -- Muslims and Copts -- pt. 4. Prospects for the future. The economy -- Democracy -- Social justice -- Dependency -- A secular state -- Afterword : an abortive revolution? |
| 546 ## - LANGUAGE NOTE | |
| Language note | Text in English ; translated from the original Arabic. |
| 650 #7 - SUBJECT ADDED ENTRY--TOPICAL TERM | |
| Topical term or geographic name as entry element | Revolutions |
| Geographic subdivision | Egypt |
| General subdivision | History |
| Chronological subdivision | 21st century. |
| Source of heading or term | BUEsh |
| 651 #7 - SUBJECT ADDED ENTRY--GEOGRAPHIC NAME | |
| Geographic name | Egypt |
| General subdivision | History |
| Chronological subdivision | Protests, 2011- |
| Source of heading or term | BUEsh |
| 9 (RLIN) | 36450 |
| 651 #7 - SUBJECT ADDED ENTRY--GEOGRAPHIC NAME | |
| Geographic name | Egypt |
| General subdivision | Politics and government |
| Chronological subdivision | 1981- |
| Source of heading or term | BUEsh |
| 651 #7 - SUBJECT ADDED ENTRY--GEOGRAPHIC NAME | |
| Geographic name | Egypt |
| General subdivision | Social conditions |
| Chronological subdivision | 1981- |
| Source of heading or term | BUEsh |
| 651 #7 - SUBJECT ADDED ENTRY--GEOGRAPHIC NAME | |
| Geographic name | Egypt |
| General subdivision | Economic conditions |
| Chronological subdivision | 1981- |
| Source of heading or term | BUEsh |
| 9 (RLIN) | 27375 |
| 653 ## - INDEX TERM--UNCONTROLLED | |
| Resource For college | BAEPS, Political Science |
| Arrived date list | October2017 |
| 655 ## - INDEX TERM--GENRE/FORM | |
| Form subdivision | Reading book |
| 9 (RLIN) | 34232 |
| 700 1# - ADDED ENTRY--PERSONAL NAME | |
| Personal name | Wright, Jonathan, |
| Dates associated with a name | 1953-, |
| Relator term | translator. |
| 942 ## - ADDED ENTRY ELEMENTS (KOHA) | |
| Source of classification or shelving scheme | Dewey Decimal Classification |
| Koha item type | Book - Borrowing |
| Withdrawn status | Lost status | Source of classification or shelving scheme | Damaged status | Not for loan | Collection code | Home library | Current library | Shelving location | Date acquired | Source of acquisition | Cost, normal purchase price | Total Checkouts | Total Renewals | Full call number | Barcode | Date last seen | Date checked out | Koha item type | Serial Enumeration / chronology | Cost, replacement price | Price effective from |
|---|---|---|---|---|---|---|---|---|---|---|---|---|---|---|---|---|---|---|---|---|---|
| Dewey Decimal Classification | Baccah | Central Library | Central Library | Second Floor | 12/10/2017 | Purchase | 250.00 | 2 | 15 | 962.05 AMI | 000042125 | 15/07/2025 | 09/03/2020 | Book - Borrowing | |||||||
| Dewey Decimal Classification | AUC | Central Library | Central Library | Second Floor | 09/02/2025 | Purchase | 400.00 | 962.05 AMI | 000057235 | 15/07/2025 | Book - Borrowing | 500.00 | 09/02/2025 |